Introduction to business analysis and valuation

Bibliographic Details
Main Author: Palepu, Krishna G.
Format: Book
Published: Ohio : South-Western College Publishing , 1997
Subjects:

MARC

LEADER 00000cam a2200000 7i4500
001 0000003599
005 20021122.0
020 |a 0538843314 
040 |a INS 
090 0 0 |a HF5681.V3   |b P32 1997 
100 1 |a Palepu, Krishna G. 
245 1 0 |a Introduction to business analysis and valuation   |c by Krishna G. Palepu, Victor L. Bernard and Paul M.Healey 
260 |a Ohio :   |b South-Western College Publishing ,   |c 1997 
300 |a v p. 
650 0 0 |a Business enterprises   |x valuation 
650 0 0 |a Business enterprises   |x valuation   |x case studies 
650 0 0 |a Financial statements 
999 |a 0000006969   |b BOOK   |c Open Shelf   |e Default branch 
999 |a 0000006970   |b BOOK   |c Open Shelf   |e Default branch